Vnútorný kontrolný systém a jeho vzťah k výkonu auditu

Význam auditu. Definícia vnútorného kontrolného systému. Manažment ako tvorca vnútorného kontrolného systému. Hodnotenie vnútornej kontroly.

Enregistré dans:
Détails bibliographiques
Auteur principal: Ciliková, Oľga
Format: Chapitre de livre
Langue:slovaque
Sujets:
Tags: Ajouter un tag
Pas de tags, Soyez le premier à ajouter un tag!

MARC

LEADER 00000naa$a2200000$$$4500
001 0007550
005 20231106091015.9
041 0 |a slo 
044 |a SK 
245 1 0 |a Vnútorný kontrolný systém a jeho vzťah k výkonu auditu  |c aut. Oľga Ciliková 
520 |a Význam auditu. Definícia vnútorného kontrolného systému. Manažment ako tvorca vnútorného kontrolného systému. Hodnotenie vnútornej kontroly. 
610 2 0 |a kontrola vnútorná 
610 2 0 |a audit 
610 2 0 |a podnik 
610 2 0 |a manažment 
610 2 0 |a výkazy finančné 
100 1 |a Ciliková, Oľga